000
00326nam a22001457a 4500
003
SGT
082
_a
617.643
_b
C21S
100
_a
Sharma, Ankit
245
_a
Cleft Lip and Palate
260
_a
Gurugram, Haryana
_b
SGT University
_c
2021
300
_a
120
650
_a
Orthodontics
653
_a
Orthodontics
942
_2
ddc
_c
TH
999
_c
23622
_d
23622